<?xml version="1.0" encoding="UTF-8"?>
<collection xmlns="http://www.loc.gov/MARC21/slim">
 <record>
  <leader>00663pamaa2200193   4500</leader>
  <controlfield tag="001">0000020033</controlfield>
  <controlfield tag="005">20060811090000.0</controlfield>
  <datafield tag="020" ind1="0" ind2="0">
   <subfield code="a">1842776258 (pbk.) </subfield>
  </datafield>
  <datafield tag="090" ind1="0" ind2="0">
   <subfield code="a">HQ281 </subfield>
   <subfield code="b">MON 2005</subfield>
  </datafield>
  <datafield tag="100" ind1="1" ind2="0">
   <subfield code="a">MONZINI </subfield>
  </datafield>
  <datafield tag="245" ind1="1" ind2="0">
   <subfield code="a">Sex traffic : </subfield>
   <subfield code="b">prostitution, crime, and exploitation  </subfield>
   <subfield code="c">Paola Monzini; </subfield>
   <subfield code="f">translated by Patrick Camiller.</subfield>
  </datafield>
  <datafield tag="260" ind1="0" ind2="0">
   <subfield code="a">New York: </subfield>
   <subfield code="b">Palgrave Macmillan, </subfield>
   <subfield code="c">2005.</subfield>
  </datafield>
  <datafield tag="300" ind1=" " ind2=" ">
   <subfield code="a">vii, 184p.; </subfield>
   <subfield code="c">24cm.</subfield>
  </datafield>
  <datafield tag="500" ind1="0" ind2="0">
   <subfield code="a">Includes bibliographical references (p.   ) and index</subfield>
  </datafield>
  <datafield tag="650" ind1="0" ind2="0">
   <subfield code="a">Women -- </subfield>
   <subfield code="x">Crimes against </subfield>
  </datafield>
  <datafield tag="650" ind1="0" ind2="0">
   <subfield code="a">Women immigrants -- </subfield>
   <subfield code="x">Social conditions </subfield>
  </datafield>
  <datafield tag="650" ind1="0" ind2="0">
   <subfield code="a">Prostitution </subfield>
  </datafield>
  <datafield tag="700" ind1="1" ind2="1">
   <subfield code="a">Camiller, </subfield>
   <subfield code="h">Patrick </subfield>
  </datafield>
  <datafield tag="901" ind1=" " ind2=" ">
   <subfield code="u">http://www.zedbook.co.uk</subfield>
  </datafield>
 </record>
</collection>
